01029nam a2200277 i 4500003000900000005001700009007000300026008004100029020001500070040003000085082001400115100004000129245005200169264004400221300002800265336002700293337003400320338002800354490002100382500007400403590002700477910001400504942001400518952020200532999001700734DO-SdBNP20240920085330.0ta240920s1992 cl 000 p spa d a9567089167 aDO-SdBNPbspacBNPHUerda bB995G2221 4aut.aByrne, Rosannaeautora98662610aGeronimo enloqueció otra vez /cRosanna Byrne 1aChile :bEditora Aníbal Pinto,c1992. a62 páginas, c21 cm. 2rdacontentatextobtxt 2rdamediaasin mediación bn 2rdacarrieravolumenbnc1 aAcuario de papel aIncluye datos biográficos de la autora en la solapa de la portada.  aInventariado, 2024/ YL aYLockward 2ddccLBS1 00102ddc56708GRaBNPHUbBNPHUcBDd2014-09-01eDonación l0oBNPHU GR B995Gp2024-5429r2024-09-20w2024-09-20yLBS1zPerteneció a la biblioteca personal de Chiqui Vicioso/Fidelio Despradel c57729d57729